Statistics for Countries Mary J. Blige has visited

Click here to take the quiz!

General Stats

  • This quiz has been taken 12 times
  • The average score is 20 of 22

Answer Stats

ContinentCountry% Correct
OceaniaAustralia
100%
EuropeBelgium
100%
North AmericaCanada
100%
EuropeFrance
100%
EuropeGermany
100%
EuropeItaly
100%
AsiaJapan
100%
OceaniaNew Zealand
100%
AsiaSouth Korea
100%
EuropeSwitzerland
100%
EuropeUnited Kingdom
100%
North AmericaUnited States of America
100%
EuropeAustria
90%
EuropeDenmark
90%
EuropeFinland
90%
EuropeNorway
90%
EuropeSweden
90%
Europethe Netherlands
90%
AsiaSingapore
80%
EuropeIreland
70%
AsiaMalaysia
70%
AsiaMongolia
60%

Score Distribution

Percentile by Number Answered

Percent of People with Each Score

Your Score History

You have not taken this quiz